| 000 | 00622nam a22001817a 4500 | ||
|---|---|---|---|
| 003 | 0 | ||
| 005 | 20220726090822.0 | ||
| 008 | 220726b xxu||||| |||| 00| 0 eng d | ||
| 020 | _a978-621-8205-01-7 | ||
| 050 |
_aKPM953.5 _b.D56 2021 |
||
| 245 |
_aPartnership revised corporation cooperative law: business laws and regulations: laws, principles. jurisprudence _cAndrix D. Domingo |
||
| 250 | _a2nd ed. | ||
| 260 |
_aBaguio City _bCoaching for results publishing _cc2021 |
||
| 300 |
_a872pp. _c22cm. _fBook |
||
| 500 | _aPartnership--Philippine law. | ||
| 500 | _aCorporation law--Philippines. | ||
| 942 |
_2lcc _cBK _e2nd ed. |
||
| 999 |
_c364751 _d364751 |
||